000 01990nam a2200193 a 4500
008 180918s2015 ag ||||g||||| 00| 1|spa d
020 _a9789876992657
041 _aspa
092 _c323
_l6
_sBAR
100 1 _aBarcos de Surghi, Susana.
_94292
245 _aCorredores de la memoria.
_bDel Campo de la Ribera a los juicios /
_cSusana Barco de Surghi
250 _a1a ed.
260 _aCórdoba:
_bEDUVIM;
_c2015.
300 _a152 p.
_c155x220 mm.
500 _aBarco de Surghi, S. (2015). Corredores de la memoria. Del Campo de la Ribera a los juicios. (1a ed.). Córdoba : EDUVIM.
505 _aEn este libro, de una manera intimista y sin una secuencia lineal, la autora recorre sus días como presa política en el Campo de la Ribera y en la UP1 de Córdoba, narrando episodios vividos junto a sus compañeras de cautiverio; entretejidos con reflexiones no exentas de humor e ironía, en los que se destacan la solidaridad y la creatividad como elementos esenciales para resistir y no enloquecer. Según Laura Devetach, autora del prólogo que acompaña a la presente edición, "A través de la escritura se va dando cuenta de la construcción, con migajas, de la vida cotidiana como un conjunto de pequeños actos poéticos". La memoria registra las experiencias mediante un lenguaje que linda lo literario para acercar a los lectores a una historia, en realidad, carente de poesía, saturada de violencia, desolación y desarraigo, no simbólicos, sino atravesando las esferas de lo corporal, lo psíquico y lo espiritual. "Es que la palabra es un atributo humano, entonces, ¿cómo volver palabra lo inhumano", reflexiona Barco. La obra culmina con la declaración de la autora en la Megacausa La Perla, testimonio público de lo vivido durante el oscurantismo de aquellos años, memoria que se torna, en ese hecho, responsabilidad social, pues posibilita la justicia, indispensable en el camino hacia una sociedad igualitaria.
655 _aLiteratura
_92917
942 _2ddc
_cLIT
999 _c3236
_d3236